Geography Quiz

Random Geography or Asia Quiz

Provinces of Isan, Thailand Quiz Stats

 Plays Quiz not verified by Sporcle

Score 0/20 Timer 05:00
0 Plays Today
Place Province (จังหวัด) % Correct
Isan Province (17)Khon Kaen (ขอนแก่น)
80.7%
Isan Province (8)Nong Khai (หนองคาย)
78%
Isan Province (9)Udon Thani (อุดรธานี)
77.3%
Isan Province (7)Ubon Ratchathani (อุบลราชธานี)
76%
Isan Province (3)Nakhon Phanom (นครพนม)
74.7%
Isan Province (15)Loei (เลย)
74.7%
Isan Province (19)Nakhon Ratchasima (นครราชสีมา)
72%
Isan Province (4)Mukdahan (มุกดาหาร)
70%
Isan Province (13)Surin (สุรินทร์)
70%
Isan Province (2)Sakon Nakhon (สกลนคร)
69.3%
Place Province (จังหวัด) % Correct
Isan Province (11)Maha Sarakham (มหาสารคาม)
68.7%
Isan Province (14)Si Sa Ket (ศรีสะเกษ)
68.7%
Isan Province (20)Buri Ram (บุรีรัมย์)
68.7%
Isan Province (12)Roi Et (ร้อยเอ็ด)
67.3%
Isan Province (1)Bueng Kan (บึงกาฬ)
64%
Isan Province (10)Kalasin (กาฬสินธุ์)
64%
Isan Province (5)Yasothon (ยโสธร)
62%
Isan Province (6)Amnat Charoen (อำนาจเจริญ)
62%
Isan Province (18)Chaiyaphum (ชัยภูมิ)
60.7%
Isan Province (16)Nong Bua Lam Phu (หนองบัวลำภู)
56.7%

You're not logged in!

Compare scores with friends on all Sporcle quizzes.
Join for Free
OR
Log In

You Might Also Like...

Show Comments

Extras

Top Quizzes Today


Score Distribution

Your Account Isn't Verified!

In order to create a playlist on Sporcle, you need to verify the email address you used during registration. Go to your Sporcle Settings to finish the process.

Report this User

Report this user for behavior that violates our Community Guidelines.

Details: